000 01158nam a2200313 a 4500
003 BLK
005 20250722125137.0
008 200305b bu ||||| |||| 00| 0 bu d
020 _a9789543574346
040 _aBLK
041 _aBUL
_cBUL
080 _aИсландска литература
_b821.113.3
_z821.113.3-31
100 _aСигурдардотир, Ирса
_eпърви автор
_91299
139 _aСигурдардотир, Ирса
_bС 35
240 _aDNA
245 _aДНК
_cИрса Сигурдардотир ; прев. от исл. Айгир Сверисон.
260 _9210050
_aСофия
_bЕМАС
_c2019
_fХасково: Полиграфюг
_n978-954-357- ; 954-8793-
300 _a495 с.
_c21 см
380 _aX
490 _9203614
_aКриминале
501 _aОриг. загл.: DNA / Yrsa Sigurđardóttir.
700 _9382806
_aСверисон, Айгир
_eпрев. от исл.
852 _aЦб
_bЦб
852 _a821-31/С 35 И
_bП
942 _cKNG
_n0
_s1
_059
944 _aCR
_c2020-03-05
_lЦветомила Тодорова
_k30576
944 _aED
_l2024-06-26
_kМ.Я.
999 _c348892
_d348892
999 _d348892